Mathematical handbook for scientists and engineers (Record no. 24580)
[ view plain ]
| 000 -LEADER | |
|---|---|
| fixed length control field | 00341nam a2200133Ia 4500 |
| 082 ## - DEWEY DECIMAL CLASSIFICATION NUMBER | |
| Classification number | 51(035) |
| Item number | KOR |
| 100 ## - MAIN ENTRY--AUTHOR NAME | |
| Personal name | Korn, G A |
| 245 #0 - TITLE STATEMENT | |
| Title | Mathematical handbook for scientists and engineers |
| 250 ## - EDITION STATEMENT | |
| Edition statement | Ed.2 |
| 260 ## - PUBLICATION, DISTRIBUTION, ETC. (IMPRINT) | |
| Place of publication | New York |
| Name of publisher | McGraw Hill |
| Year of publication | 1968 |
| 700 ## - ADDED ENTRY--PERSONAL NAME | |
| Personal name | Korn, T M |
| 942 ## - ADDED ENTRY ELEMENTS (KOHA) | |
| Koha item type | Books |
| Withdrawn status | Lost status | Damaged status | Not for loan | Home library | Current library | Date acquired | Cost, normal purchase price | Full call number | Accession Number | Koha item type |
|---|---|---|---|---|---|---|---|---|---|---|
| RRII Library | RRII Library | 16/12/2021 | 31.50 | 51(035) KOR | 05259 | Books |